<?xml version="1.0" encoding="UTF-8"?>
<record
    xmlns:xsi="http://www.w3.org/2001/XMLSchema-instance"
    xsi:schemaLocation="http://www.loc.gov/MARC21/slim http://www.loc.gov/standards/marcxml/schema/MARC21slim.xsd"
    xmlns="http://www.loc.gov/MARC21/slim">

  <leader>01700nmc a2200373 a 4500</leader>
  <controlfield tag="003">AR-Y00000XR</controlfield>
  <controlfield tag="005">20251128211936.0</controlfield>
  <controlfield tag="008">127020s2004    ||||||||||||||000 | spa||</controlfield>
  <datafield tag="020" ind1=" " ind2=" ">
    <subfield code="a">84-7432-985-X</subfield>
  </datafield>
  <datafield tag="040" ind1=" " ind2=" ">
    <subfield code="c">AR-Y00000XR</subfield>
  </datafield>
  <datafield tag="245" ind1="1" ind2="0">
    <subfield code="a">Comunicaci&#xF3;n y cultura en la era digital</subfield>
    <subfield code="b">industrias, mercados y diversidad en Espa&#xF1;a</subfield>
  </datafield>
  <datafield tag="250" ind1=" " ind2=" ">
    <subfield code="a">2&#xAA; ed.</subfield>
  </datafield>
  <datafield tag="260" ind1=" " ind2=" ">
    <subfield code="a">Barcelona</subfield>
    <subfield code="b">Editorial Gedisa</subfield>
    <subfield code="c">2004</subfield>
  </datafield>
  <datafield tag="300" ind1="0" ind2=" ">
    <subfield code="a">382 p.</subfield>
  </datafield>
  <datafield tag="490" ind1=" " ind2="0">
    <subfield code="a">Multimedia</subfield>
  </datafield>
  <datafield tag="505" ind1=" " ind2=" ">
    <subfield code="t">La edici&#xF3;n de libros : un sector potente a la defensiva digital</subfield>
    <subfield code="r">G&#xF3;mez-Escalonilla, Gloria</subfield>
  </datafield>
  <datafield tag="505" ind1=" " ind2=" ">
    <subfield code="t">La industria discogr&#xE1;fica : reflejo tard&#xED;o y dependencia del mercado internacional</subfield>
    <subfield code="r">Buquet, Gustavo</subfield>
  </datafield>
  <datafield tag="505" ind1=" " ind2=" ">
    <subfield code="t">La industria cinematogr&#xE1;fica : enfermedades cr&#xF3;nicas e incertidumbre ante el mercado digital</subfield>
    <subfield code="r">Alvarez Monzoncillo, Jos&#xE9; Mar&#xED;a</subfield>
  </datafield>
  <datafield tag="505" ind1=" " ind2=" ">
    <subfield code="t">La prensa diaria y peri&#xF3;dica : pionero pero problem&#xE1;tico salto on line</subfield>
    <subfield code="r">Albornoz, Luis Alfonso</subfield>
  </datafield>
  <datafield tag="505" ind1=" " ind2=" ">
    <subfield code="t">La radio en el umbral digital : concentraci&#xF3;n versus diversificaci&#xF3;n</subfield>
    <subfield code="r">Franquet, Rosa</subfield>
  </datafield>
  <datafield tag="505" ind1=" " ind2=" ">
    <subfield code="t">Televisi&#xF3;n : errores y frenos en el camino digital</subfield>
    <subfield code="r">Bustamante, Enrique</subfield>
  </datafield>
  <datafield tag="505" ind1=" " ind2=" ">
    <subfield code="t">El reto del videojuego on line : mercado creciente con escasa industria</subfield>
    <subfield code="r">Moreno, Pedro Manuel</subfield>
  </datafield>
  <datafield tag="505" ind1=" " ind2=" ">
    <subfield code="t">Pol&#xED;ticas culturales territoriales : una experiencia rica pero insuficiente</subfield>
    <subfield code="r">Zallo, Ram&#xF3;n</subfield>
  </datafield>
  <datafield tag="650" ind1=" " ind2="4">
    <subfield code="a">SOCIOLOGIA CULTURAL</subfield>
  </datafield>
  <datafield tag="650" ind1=" " ind2="4">
    <subfield code="a">COMUNICACION AUDIOVISUAL</subfield>
  </datafield>
  <datafield tag="650" ind1=" " ind2="4">
    <subfield code="a">TECNOLOGIA DE LA INFORMACION</subfield>
  </datafield>
  <datafield tag="650" ind1=" " ind2="4">
    <subfield code="a">INDUSTRIA CULTURAL</subfield>
  </datafield>
  <datafield tag="650" ind1=" " ind2="4">
    <subfield code="a">MEDIOS DE COMUNICACION</subfield>
  </datafield>
  <datafield tag="651" ind1=" " ind2="4">
    <subfield code="a">Espa&#xF1;a</subfield>
  </datafield>
  <datafield tag="653" ind1=" " ind2="0">
    <subfield code="a">DIVERSIDAD SOCIOCULTURAL</subfield>
  </datafield>
  <datafield tag="700" ind1="1" ind2=" ">
    <subfield code="a">Bustamante, Enrique</subfield>
    <subfield code="e">coordinador</subfield>
  </datafield>
  <datafield tag="942" ind1=" " ind2=" ">
    <subfield code="c">BK</subfield>
  </datafield>
  <datafield tag="998" ind1=" " ind2=" ">
    <subfield code="c">me-solo cat</subfield>
  </datafield>
  <datafield tag="999" ind1=" " ind2=" ">
    <subfield code="c">21719</subfield>
    <subfield code="d">21719</subfield>
  </datafield>
  <datafield tag="952" ind1=" " ind2=" ">
    <subfield code="0">0</subfield>
    <subfield code="1">0</subfield>
    <subfield code="2">ddc</subfield>
    <subfield code="4">0</subfield>
    <subfield code="7">0</subfield>
    <subfield code="a">LPL</subfield>
    <subfield code="b">LPL</subfield>
    <subfield code="d">2025-11-28</subfield>
    <subfield code="e">C-BP-019</subfield>
    <subfield code="l">0</subfield>
    <subfield code="o">316.77 BUS</subfield>
    <subfield code="p">144271</subfield>
    <subfield code="r">2025-11-28 21:19:36</subfield>
    <subfield code="w">2025-11-28</subfield>
    <subfield code="y">BK</subfield>
  </datafield>
  <datafield tag="952" ind1=" " ind2=" ">
    <subfield code="0">0</subfield>
    <subfield code="1">0</subfield>
    <subfield code="2">ddc</subfield>
    <subfield code="4">0</subfield>
    <subfield code="7">0</subfield>
    <subfield code="a">LPL</subfield>
    <subfield code="b">LPL</subfield>
    <subfield code="d">2025-11-28</subfield>
    <subfield code="e">C-BP-019</subfield>
    <subfield code="l">0</subfield>
    <subfield code="o">316.77 BUS</subfield>
    <subfield code="p">144272</subfield>
    <subfield code="r">2025-11-28 21:19:36</subfield>
    <subfield code="w">2025-11-28</subfield>
    <subfield code="y">BK</subfield>
  </datafield>
</record>
